Loading...
| Science - Other | 0 | 8 | 0 | 2 | 80 | 46 | 84.88 | 2 | 4 | 20.97 | 46.67 |
| Science - Physics | 0 | 5 | 0 | 0 | 50 | 29 | 70.60 | 2 | 3 | 17.24 | 34.17 |
| History - American | 0 | 3 | 0 | 0 | 30 | 87 | 98.33 | 0 | 2 | 5.02 | 17.50 |
| Social Science | 0 | 2 | 0 | 1 | 20 | 94 | 100.00 | 0 | 1 | 1.32 | 11.67 |
| Literature - American | 0 | 2 | 0 | 0 | 20 | 115 | 117.50 | 0 | 0 | 2.62 | 6.67 |
| Literature - World | 0 | 2 | 0 | 0 | 20 | 93 | 96.50 | 0 | 1 | 4.56 | 10.83 |
| Philosophy | 0 | 2 | 0 | 0 | 20 | 35 | 80.00 | 0 | 2 | 6.38 | 8.33 |
| Science - Biology | 0 | 2 | 1 | 0 | 15 | 50 | 69.50 | 1 | 2 | 7.36 | 15.83 |
| Religion | 0 | 2 | 1 | 0 | 15 | 82 | 100.50 | 0 | 0 | 4.45 | 9.17 |
| Mythology | 0 | 2 | 1 | 1 | 15 | 84 | 115.50 | 1 | 1 | 2.83 | 13.33 |
| Other Academic | 0 | 1 | 0 | 0 | 10 | 128 | 128.00 | 0 | 0 | 8.17 | 10.00 |
| Literature - European | 0 | 1 | 0 | 0 | 10 | 83 | 83.00 | 0 | 1 | 3.13 | 7.50 |
| History - Other | 0 | 1 | 0 | 0 | 10 | 56 | 56.00 | 1 | 1 | 5.02 | 8.33 |
| History - World | 0 | 1 | 1 | 0 | 5 | 114 | 114.00 | 0 | 0 | 1.08 | 5.00 |